000
00243nam a2200085Ia 4500
245
0
_a
Accelerated learning : a user's guide
100
_a
SMITH, Alistair Stafford, 2003
_9
95983
942
_c
BK
008
210817s9999 xx 000 0 und d
999
_c
401503
_d
401502